000 00910nas a2200289 4500
001 BR2012005149
003 BR-BrBNA
005 20231205120829.0
007 ta
008 230509b bl.|||p| |||| 00| 00por d
040 _aBR-BrBNA
_bpor
_cBiblioteca Nacional de Agricultura
041 _a(Pt)
072 _aH20
100 1 _aFreitas, D.R.
100 1 _aParadela, A.L.
100 1 _aGalli, M.A.
245 1 _aEficiência de fungicidas no controle da doença Micosferela (Mycosphaerella fragariae)no morangueiro (Fragaria vesca)
650 _aMORANGO
650 _aFUNGICIDA
650 _aMICOSPHAERELLA FRAGARIAE
650 _aMANCHA DE MICOSFERELA
650 _aDOENÇA DE PLANTA
650 _aCONTROLE QUÍMICO
773 0 _tEcossistema (Brazil)
_xISSN 0100-4107
_g(Jan 2009-Dec 2010), v. 34-35(1) p. 9-12
_wBR2012005149
909 _a202311
_bLúcia
_c55
_dLúcia Elande
942 _2AGRIS
_n0
_cANA
999 _c220540
_d220540